00670nam a2200181 a 450000100060000000300090000600800410001502000150005604000280007108200140009910000190011324500240013226000270015630000100018350502670019365000140046065000140047422914CO-ViMGA141112s2004 ck r 000 u spa d a8497320212 aCO-ViMGAbspacCO-ViMGA04a551 O769g1 aOrozco, Miguel10aGeologìa fìsica aEspaña : bParaninfo a302p. aLa tierra, nuestro planeta, Composicion y estructura interna de la tierra, Tectonica de placas, Las rocas igneas y la actividad ignea, Rocas sedimentarias, Pliegues y estructura asociadas, Meteorizacion, Procesos fluviales, Resumen de la historia de la tierra14aGEOFISICA14aGEOLOGIA